000 00794nam a2200229 a 4500
001 72176
003 BD-RjUL
005 20211209082224.0
008 170514s1988 bg a|||| |||| 000 0 ben d
020 _c: Tk. 115.00
035 _a(BD-RjUL)72392
040 _aBD-RjUL
_bben
_cBD-RjUL
_dBD-RjUL
041 _aben
082 _223
_a595.7
_bRAJ 1988
100 1 _aরহমান, রেজাউর
_9125887
245 1 0 _aজলচর কীটপতঙ্গ /
_cরেজাউর রহমান
260 _aঢাকা :
_bবাংলা একাডেমী,
_c১৯৮৮ [১৩৯৫]
300 _a৩২৮ পৃ. :
_bচিত্র. ;
_c২৭ সেমি.
650 _aজলজ পোকামাকড়
_9213447
650 _aAquatic insects
_9213448
942 _2ddc
_cBK
999 _c72176
_d72176